000 00610nam a22001937a 4500
003 PILC
005 20150812141658.0
008 130223t xxu||||| |||| 00| 0 eng d
020 _a0130841293
050 _aHF 5415.32
_b.Sc35 2000
082 _aMkSF 658.812
_bSch3 2000
100 _aSchiffman, Leon G.
_911087
245 _aConsumer behavior /
_cSchiffman, Leon G ; Kanuk, Leslie Lazar .
250 _a7th edition.
260 _a N.J. :
_b Pearson Education, Upper Saddle River,
_c2000.
300 _a672 pages :
_billustrations (some color) ;
_c26 cm .
650 _aConsumer behavior.
942 _2lcc
_cBK
999 _c14560
_d14560